000 01218nam0a22002771 4500
001 rc\2750965
005 20250529144834.0
035 _a(NLR Aleph) 006877869
090 _a7015978
_c7015978
100 _a20110915d1939 |||y0rusy50 ca
101 0 _arus
102 _aRU
105 _aa z |||||
200 1 _aСборник работ 1-й Всесоюзной конференции по организации и подаче скорой медицинской помощи. Ленинград, 20-24 декабря 1937 г.
_fОтв. ред. М. А. Мессель
210 _aЛенинград
_cБ. и.
_d1939
215 _a194 с.
_cил., диагр., схем.
_d21 см.
225 1 _aЛенинградская скорая помощь
702 1 _4340
_aМессель
_bМ. А.
_f1893-1977
_gМеер Абрамович
_9227385
_3RU\NLR\AUTH\770227441
710 1 2 _aВсесоюзная конференция по организации и подаче скорой медицинской помощи
_d1
_f1937
_eЛенинград
801 0 _aRU
_bNLR
_gpsbo
801 1 _aRU
_bELAR
_2rusmarc
852 _aNLR
_j39-3/339
852 _aNLR
_j39-3/703
942 _cBOOK
980 _aNB